ドボンクイズ〜再生数の多いボカロ曲〜② - Statistics

General Stats
  • This quiz has been taken 234 times
    220 since last reset
  • The average score is 3 of 18
Answers on the Grid
Answers color-coded by a green-red scale on the quiz's grid according to % correct below.
エゴロック(long ver.)
神のまにまに
ロウワー
六兆年と一夜物語
天ノ弱
混沌ブギ
オーバーライド
劣等上等
だれかの心臓になれたなら
ベノム
千本桜
ロストアンブレラ
シャルル
恋愛裁判
妄想感傷代償連盟
アンノウン・マザーグース
春嵐
人マニア
テトリス
匿名M
少女レイ
みむかゥわナイストライ
マーシャル・マキシマイザー
脱法ロック
ローリンガール
命に嫌われている。
DAYBREAK FRONTLINE
ドーナツホール
 
Answer Stats
Answer % Correct
千本桜
37%
シャルル
36%
オーバーライド
28%
ロストアンブレラ
25%
六兆年と一夜物語
23%
ベノム
23%
妄想感傷代償連盟
23%
天ノ弱
21%
ロウワー
20%
ドーナツホール
16%
エゴロック(long ver.)
15%
混沌ブギ
14%
劣等上等
14%
だれかの心臓になれたなら
12%
DAYBREAK FRONTLINE
12%
恋愛裁判
11%
アンノウン・マザーグース
10%
神のまにまに
7%
No matching quizzes found
Score Distribution
Percent of People with Each Score
Percentile by Number Answered
Your Score History
You have not taken this quiz since the last reset